00692nam a2200217Ia 4500003000400000005001700004008004100021020001800062040001800080041000800098082002200106100001800128245014000146250001200286260004400298300003000342650002200372650003300394650002300427650002400450OSt20251215133857.0210716s2016 xx 000 0 und d a9781785883767 cAIMIT LIBRARY aeng a005.763 21bJENJ aJenkins, Jon. aLearning xero: blearn to use xero to make bookkeeping tasks simple and gain valuable business insights effortlessly /cBy Jon Jenkins a1sr ed. aMumbai :bPackt Publishing Ltd ,c2016. avii,202 p.;bPBc24.5 cm. aBreaking the bank aUsing xero to excel at sales aProcessing payroll aReal time reporting